Samagra kannada sahitya charitre.S 5. (Record no. 91821)

MARC details
000 -LEADER
fixed length control field 00944nam a2200217Ia 4500
003 - CONTROL NUMBER IDENTIFIER
control field OSt
005 - DATE AND TIME OF LATEST TRANSACTION
control field 20241003122427.0
008 - FIXED-LENGTH DATA ELEMENTS--GENERAL INFORMATION
fixed length control field 210210b1982 xxu||||| |||| 00| 0 eng d
040 ## - CATALOGING SOURCE
Transcribing agency AL
041 ## - LANGUAGE CODE
Language code of text/sound track or separate title Kannada
082 ## - DEWEY DECIMAL CLASSIFICATION NUMBER
Classification number K894.9 SHIS
100 ## - MAIN ENTRY--PERSONAL NAME
Personal name SHIVARUDRAPPA (G S),Ed.
9 (RLIN) 133891
Dates associated with a name ಶಿವರುದ್ರಪ್ಪ (ಜಿಎಸ್)
245 ## - TITLE STATEMENT
Title Samagra kannada sahitya charitre.S 5.
Remainder of title ಸಮಗ್ರ ಕನ್ನಡ ಸಾಹಿತ್ಯ ಚರಿತ್ರೆ : ಸಂಪುಟ ೫
260 ## - PUBLICATION, DISTRIBUTION, ETC.
Place of publication, distribution, etc. Bengaluru
Name of publisher, distributor, etc. Vishvavidyalaya
Date of publication, distribution, etc. 1982
300 ## - PHYSICAL DESCRIPTION
Extent xvi,506
440 ## - SERIES STATEMENT/ADDED ENTRY--TITLE
Title 5
9 (RLIN) 133892
650 ## - SUBJECT ADDED ENTRY--TOPICAL TERM
Topical term or geographic name entry element Govinda Gopakavi Nagarasa Sarvajna Shadaksharadeva Chikkadevaraja Tirumalarya Chikupadhyaya Mahalingaranga Honnamma Chidanandavadhuta Giriyamma Tirumalabhatta Lingannakavi Shantikirti Jagannatha Dasa Devachandra Krashnaraja Kempunarayana Aliyalingaraja
9 (RLIN) 133893
690 ## - LOCAL SUBJECT ADDED ENTRY--TOPICAL TERM (OCLC, RLIN)
Topical term or geographic name as entry element Kannada Criticism
9 (RLIN) 133894
906 ## - LOCAL DATA ELEMENT F, LDF (RLIN)
a 042104
942 ## - ADDED ENTRY ELEMENTS (KOHA)
Source of classification or shelving scheme Dewey Decimal Classification
Koha item type Book
Holdings
Withdrawn status Lost status Damaged status Not for loan Collection code Home library Current library Shelving location Date acquired Cost, normal purchase price Total Checkouts Full call number Barcode Date last seen Price effective from Koha item type
      Reference Book   St Aloysius Library St Aloysius Library Reference Section 02/17/2021 50.00   K894.9 SHIS 042104 02/17/2021 02/17/2021 Book